Дело о поднесении государю императору сочинений господина Спасского под заглавием: 1) "Босфор Киммерийский" и 2) "Археолого-нуми...

Доступно только в Электронных читальных залах Найти на картеНа карте
RUSMARC
00003648nmc2a22002413x 450
00120465d0f-9593-4e9c-92e7-b1883cb4eb20
00520251024060021.0
100##$a20250506l18501851k l0rusy0189 ca
1010#$arus
102##$aRU
105##$ay###
1222#$ad
2001#$aДело о поднесении государю императору сочинений господина Спасского под заглавием: 1) "Босфор Киммерийский" и 2) "Археолого-нумизматический сборник"
$j19 декабря 1850 г. - 10 февраля 1851 г.
215##$a15 л.
$d36,5х26 см
251##$cДело
300##$aНа обложке указано: "№97"
371##$aДокумент не является опубликованным и широко распространяемым
461#0$10012b5b8419-5ce4-4d16-a7a3-85720a295f1f
$12001
$aКанцелярия министра народного просвещения
$1251
$cФонд
$1852
$j735
462#0$1001562cc287-b13c-4f02-8029-f81535ba1e2e
$12001
$aКанцелярия министра народного просвещения
$1251
$cОпись
$1852
$j2
801#0$aRU
$bРГИА
$c20250506
$gRCR
801#1$aRU
$bГлавНИВЦ
$c20250506
$2rusmarc
801#2$aRU
$bПБ им. Б.Н. Ельцина
$c20251024
$gRCR
$2rusmarc
850##$aРГИА
852##$aРГИА
$eФедеральное казенное учреждение "Российский государственный исторический архив" (РГИА)
$j814
937##$hРГИА
$d12421733
$aASBIBLIO_SCAN
035##$aRusGRCC00085803
856##$uhttp://readingroom.main.prlib.ru/item.aspx?id_node=n198655430&mode=full
Формат отображения